LEADER 00927nam a2200241 i 4500 001 000000128772 003 CaOOAMICUS 005 20070622000000.0 008 070622s1914 it u000 u ita u 013 $a101501 040 $aSeMil$bita 100 1 $aNavarra, Ugo.$0(OLS)http://semarc/name/53543 245 10$aNote illustrative al Parsifal di Riccardo Wagner /$cUgo Navarra. 260 $aMilano :$bBruciati,$c1914. 300 $a96 p. ;$c18 cm. 500 $aFondo card. C.M. Martini. 650 4$aWagner, Richard <1813-1883> - Opere . Parsifal.$0(OLS)http://semarc/subject/25459 850 $aSeMil 852 $aSeMil$W1$xVenegono$y1$m3Q I 44$j82984$B82984$CSeMilBibl$Z2$F125775 $81 941 1 $a4 961 $aOmaggio: Martini Card. Carlo Maria 996 $6245$aNote illustrative al Parsifal di Riccardo Wagner$9(OLS)http://semarc/title/190334 996 $6260$aMilano :$bBruciati$9(OLS)http://semarc/publisher/42354 LEADER 01023nam a2200217 4500 001 000000367431 003 CaOOAMICUS 005 20260424103921.0 008 260424s1946 it 000 u ita r 040 $aSeMil$bita 100 1 $aLazzarato, Damiano.$0(OLS)http://semarc/name/78165 245 13$aLa cronologia di Cristo nella luce del diritto /$cSac. Cav. Damiano Lazzarato. 264 1$a[Cittą del Vaticano] :$bTipografia Poliglotta Vaticana,$c1946. 300 $a40 p. ;$c30 cm 500 $aEstratto da: Chronologia Christi seu discordantium fontium concordantia ad iuris normam 650 4$aGesł Cristo - Vita - Cronologia.$0(OLS)http://semarc/subject/41363 850 $aSeMil 852 $aSeMil$W1$xVenegono$y1$m5D XI 28/36$j270852$B258127$CSeMilBibl$Z2$F258127 $8M 996 $6245$aLa cronologia di Cristo nella luce del diritto$9(OLS)http://semarc/title/459359 996 $6264$a[Cittą del Vaticano] :$bTipografia Poliglotta Vaticana$9(OLS)http://semarc/publisher/32047